MARC details
| 000 -CABECERA |
| campo de control de longitud fija |
00984nam a2200241 a 4500 |
| 001 - NÚMERO DE CONTROL |
| campo de control |
000005815 |
| 005 - FECHA Y HORA DE LA ÚLTIMA TRANSACCIÓN |
| campo de control |
20251217124533.0 |
| 008 - DATOS DE LONGITUD FIJA--INFORMACIÓN GENERAL |
| campo de control de longitud fija |
090824s2001 dr 000 0 spa d |
| 040 ## - FUENTE DE LA CATALOGACIÓN |
| Centro catalogador/agencia de origen |
DO-SdBNP |
| Lengua de catalogación |
spa |
| Centro/agencia transcriptor |
BNPHU |
| 082 ## - NÚMERO DE LA CLASIFICACIÓN DECIMAL DEWEY |
| Número de clasificación |
323.7293 |
| Número de documento/Ítem |
R788r |
| 100 1# - ENTRADA PRINCIPAL--NOMBRE DE PERSONA |
| Nombre de persona |
Rosa, Juan de la, |
| Fechas asociadas al nombre |
1972- |
| 9 (RLIN) |
16437 |
| 245 13 - MENCIÓN DE TÍTULO |
| Título |
El recurso de amparo : |
| Resto del título |
estudio comparativo su aplicación en la República Dominicana. / |
| Mención de responsabilidad, etc. |
Juan de la Rosa ; prólogo Miguel Guirado Vásquez. |
| 260 ## - PUBLICACIÓN, DISTRIBUCIÓN, ETC. |
| Lugar de publicación, distribución, etc. |
Santo Domingo : |
| Nombre del editor, distribuidor, etc. |
Librería y papeleria La Filantropica, |
| Fecha de publicación, distribución, etc. |
2001. |
| 300 ## - DESCRIPCIÓN FÍSICA |
| Extensión |
274 p. ; |
| Dimensiones |
22 cm. |
| 500 ## - NOTA GENERAL |
| Nota general |
Incluye índice |
| 504 ## - NOTA DE BIBLIOGRAFÍA, ETC. |
| Nota de bibliografía, etc. |
Incluye referencias bibliográficas y notas al pie de las páginas. |
| 504 ## - NOTA DE BIBLIOGRAFÍA, ETC. |
| Nota de bibliografía, etc. |
Incluye bibliografías (p. 271-273) |
| 650 #4 - PUNTO DE ACCESO ADICIONAL DE MATERIA--TÉRMINO DE MATERIA |
| Término de materia o nombre geográfico como elemento de entrada |
Derecho civil |
| Subdivisión general |
Legislacion |
| Subdivisión geográfica |
República Dominicana |
| 9 (RLIN) |
6943 |
| 650 #0 - PUNTO DE ACCESO ADICIONAL DE MATERIA--TÉRMINO DE MATERIA |
| Término de materia o nombre geográfico como elemento de entrada |
Juicio de amparo |
| 9 (RLIN) |
16438 |
| 650 #0 - PUNTO DE ACCESO ADICIONAL DE MATERIA--TÉRMINO DE MATERIA |
| Término de materia o nombre geográfico como elemento de entrada |
Procedimiento civil |
| 9 (RLIN) |
13926 |
| 650 #4 - PUNTO DE ACCESO ADICIONAL DE MATERIA--TÉRMINO DE MATERIA |
| Término de materia o nombre geográfico como elemento de entrada |
Derecho comparado |
| Subdivisión general |
Estudio de casos |
| 9 (RLIN) |
16439 |
| 700 1# - PUNTO DE ACCESO ADICIONAL--NOMBRE DE PERSONA |
| Nombre de persona |
Guirado Vásquez, Miguel, |
| Término indicativo de función/relación |
pról. |
| 9 (RLIN) |
16440 |